Người đàn bà quỷ quyệt /

Gespeichert in:
Bibliographische Detailangaben
1. Verfasser: Sheldon, Sidney.
Weitere Verfasser: Nguyễn Bá Long (dịch.)
Format: Buch
Sprache:Vietnamese
English
Veröffentlicht: Tp.HCM : Văn nghệ, 2000.
Schlagworte:
Tags: Tag hinzufügen
Keine Tags, Fügen Sie den ersten Tag hinzu!
Thư viện lưu trữ: Mạng thư viện Đại học Đà Nẵng
LEADER 00985cam a2200373 i 4500
001 000046565
003 6063
005 20030917084419.0
008 010307b2000 vm 000 vie
020 |c 45000 
040 |a IRC  |c IRC  |d IRC 
041 1 |a vie  |h eng 
082 1 4 |a 813  |b SH-S 
100 1 |a Sheldon, Sidney. 
245 0 0 |a Người đàn bà quỷ quyệt /  |c Sidney Sheldon ; Nguyễn Bá Long dịch. 
260 |a Tp.HCM :  |b Văn nghệ,  |c 2000. 
300 |a 538tr. ;  |c 19cm. 
630 0 4 |a Văn học. 
630 0 4 |a Tiểu thuyết. 
630 0 4 |a Văn học Mỹ. 
630 0 4 |a Sidney Sheldon. 
630 0 4 |a Người đàn bà quỷ quyệt. 
650 0 4 |a Tiểu thuyết Hoa Kỳ. 
700 1 |a Nguyễn Bá Long,  |e dịch. 
OWN |a DUT 
999 |a From the UDN01 
TYP |a Monograph 
TYP |a Printed language 
980 |a Mạng thư viện Đại học Đà Nẵng